Historical figures by picture - I and J - Statistics

General Stats
  • This quiz has been taken 577 times
  • The average score is 9 of 18
Answer Stats
Picture Hint Answer % Correct
1955-2011 Jobs
97%
1920-2005 John Paul
84%
ca. 4BCE-ca. 30 Jesus
82%
ca. 1412-1431 Joan of Arc
82%
1908-1973 Johnson
80%
1962-2006 Irwin
79%
1743-1826 Jefferson
75%
1943-1970 Joplin
62%
1767-1845 Jackson
49%
1530-1584 Ivan
43%
482-565 Justinian
39%
1847-1882 James
34%
1161-1216 Innocent
30%
1451-1504 Isabella
27%
1749-1823 Jenner
18%
27th century BCE Imhotep
16%
1443-1513 Julius
11%
1745-1829 Jay
6%
No matching quizzes found
Score Distribution
Percent of People with Each Score
Percentile by Number Answered
Your Score History
You have not taken this quiz